000 00573nam a2200205 4500
003 OSt
005 20260601171002.0
008 260507b\\\\\\\\||||||||\||||\00|\0\eng\d
020 _a9781616896225
040 _aICI
_bspa
_cICI
050 _aPZ7.1.H377
_bH377
100 1 _aLippert, Kevin
_931558
245 1 _aThe Inventor says
_bQuotes, Quips, and Word of Wisdom
264 _bPrinceton Architectural Press
_c2018
_aChina
300 _a160 páginas
336 _atexto
_2rdacontent
337 _asin medio
_2rdamedia
338 _avolumen
_2rdacarrier
942 _2lcc
_cB
_n1
999 _c20108
_d20108